Heretic : (Record no. 123044)
[ view plain ]
| 000 -LEADER | |
|---|---|
| fixed length control field | 02162cam a2200373Ii 4500 |
| 001 - CONTROL NUMBER | |
| control field | 11357464 |
| 003 - CONTROL NUMBER IDENTIFIER | |
| control field | ARRUPE |
| 005 - DATE AND TIME OF LATEST TRANSACTION | |
| control field | 20150807123451.0 |
| 008 - FIXED-LENGTH DATA ELEMENTS--GENERAL INFORMATION | |
| fixed length control field | 140417s2015 nyu b 000 0 eng d |
| 020 ## - INTERNATIONAL STANDARD BOOK NUMBER | |
| International Standard Book Number | 0062333933 |
| 020 ## - INTERNATIONAL STANDARD BOOK NUMBER | |
| International Standard Book Number | 9780062333933 |
| 024 ## - OTHER STANDARD IDENTIFIER | |
| Standard number or code | 40024723420 |
| 035 ## - SYSTEM CONTROL NUMBER | |
| System control number | (OCoLC)877364232 |
| Canceled/invalid control number | (OCoLC)904970928 |
| 035 ## - SYSTEM CONTROL NUMBER | |
| System control number | (OCoLC)ocn877364232 |
| 035 ## - SYSTEM CONTROL NUMBER | |
| System control number | (NNC)11357464 |
| 040 ## - CATALOGING SOURCE | |
| Original cataloging agency | YDXCP |
| Transcribing agency | YDXCP |
| Modifying agency | BTCTA |
| -- | BDX |
| -- | NOG |
| -- | OCLCO |
| -- | CCE |
| -- | ZHB |
| -- | CLE |
| -- | WIM |
| -- | IK2 |
| -- | BUR |
| -- | IHZ |
| 050 #4 - LIBRARY OF CONGRESS CALL NUMBER | |
| Classification number | BP190.5.S35 |
| Item number | H57 2015 |
| 082 04 - DEWEY DECIMAL CLASSIFICATION NUMBER | |
| Classification number | 297.272 |
| Edition number | 23 |
| 300 ## - PHYSICAL DESCRIPTION | |
| Dimensions | 24 cm |
| 100 1# - MAIN ENTRY--PERSONAL NAME | |
| Personal name | Hirsi Ali, Ayaan, |
| 9 (RLIN) | 18547 |
| 245 10 - TITLE STATEMENT | |
| Title | Heretic : |
| Remainder of title | why Islam needs a reformation now / |
| Statement of responsibility, etc | Ayaan Hirsi Ali. |
| 260 ## - PUBLICATION, DISTRIBUTION, ETC. (IMPRINT) | |
| Place of publication, distribution, etc | New York |
| Name of publisher, distributor, etc | Harper Collins Publishers |
| Date of publication, distribution, etc | 2015 |
| 300 ## - PHYSICAL DESCRIPTION | |
| Extent | x, 272 pages ; |
| 504 ## - BIBLIOGRAPHY, ETC. NOTE | |
| Bibliography, etc | Includes bibliographical references (pages 251-272). |
| 505 0# - FORMATTED CONTENTS NOTE | |
| Formatted contents note | Introduction: One Islam, three sets of Muslims -- The story of a heretic : my journey away from Islam -- Why has there been no Muslim Reformation? -- Muhammad and the Qur'an : how unquestioning reverence for the Prophet and his book obstructs reform -- Those who love death : Islam's fatal focus on the afterlife -- Shackled by sharia : how Islam's harsh religious code keeps Muslims stuck in the seventh century -- Social control begins at home : how the injunction to command right and forbid wrong keeps Muslims in line -- Jihad : why the call for holy war is a charter for terror -- The twilight of tolerance -- Conclusion: The Muslim Reformation -- Appendix: Muslim dissidents and reformers. |
| 520 ## - SUMMARY, ETC. | |
| Summary, etc | "Ayaan Ali Hirsi makes a powerful case that a religious Reformation is the only way to end the terrorism, sectarian warfare and the repression of women and minorities that each year claim thousands of lives throughout the Muslim world"--Publisher. |
| 600 ## - SUBJECT ADDED ENTRY--PERSONAL NAME | |
| Personal name | Hirsi Ali, Ayaan |
| 9 (RLIN) | 18548 |
| 650 #0 - SUBJECT ADDED ENTRY--TOPICAL TERM | |
| Topical term or geographic name as entry element | Islam and secularism. |
| 9 (RLIN) | 18549 |
| 650 #0 - SUBJECT ADDED ENTRY--TOPICAL TERM | |
| Topical term or geographic name as entry element | Islam |
| Chronological subdivision | 21st century. |
| 9 (RLIN) | 18550 |
| 650 #0 - SUBJECT ADDED ENTRY--TOPICAL TERM | |
| Topical term or geographic name as entry element | Islam and politics |
| Geographic subdivision | Islamic countries. |
| 9 (RLIN) | 18551 |
| 651 #0 - SUBJECT ADDED ENTRY--GEOGRAPHIC NAME | |
| Geographic name | Islamic countries |
| General subdivision | Politics and government |
| Chronological subdivision | 21st century. |
| 9 (RLIN) | 18552 |
| 942 ## - ADDED ENTRY ELEMENTS (KOHA) | |
| Source of classification or shelving scheme | Library of Congress Classification |
| Koha item type | Monograph ( Printed materials) |
| 948 1# - LOCAL PROCESSING INFORMATION (OCLC); SERIES PART DESIGNATOR (RLIN) | |
| Series part designator, SPT (RLIN) | 20150414 |
| b (OCLC) | c |
| c (OCLC) | sl13 |
| d (OCLC) | MPS |
| Withdrawn status | Lost status | Source of classification or shelving scheme | Damaged status | Not for loan | Collection code | Home library | Current library | Shelving location | Date acquired | Total Checkouts | Full call number | Barcode | Date last seen | Date checked out | Price effective from | Koha item type |
|---|---|---|---|---|---|---|---|---|---|---|---|---|---|---|---|---|
| Library of Congress Classification | Main Collection | ARRUPE LIBRARY | ARRUPE LIBRARY | Main Collection | 07/08/2015 | 13 | BP190.3.S35 H57 2015 | 46500004393 | 10/10/2018 | 02/10/2018 | 07/08/2015 | Monograph ( Printed materials) |